| 000 | 00436nam a22001457a 4500 | ||
|---|---|---|---|
| 003 | SGT | ||
| 082 |
_a617.84 _bE21S |
||
| 100 | _aGitanjali Sikka | ||
| 245 | _aEffect of 4 Week Resistive Inspiratory Muscle Training On Respiratory Functions In Patients With Tetraplegia During In- Patient Rehabilitation | ||
| 260 |
_aGURUGRAM _bSGT UNIVERSITY _c2021 |
||
| 300 | _a107 | ||
| 650 | _aPHYSIOTHERAPY | ||
| 653 | _aP.HD | ||
| 942 |
_2ddc _cTH |
||
| 999 |
_c26433 _d26433 |
||